New Zealand 2026 FIFA World Cup Squad - Statistics

General Stats
  • This quiz has been taken 4 times
  • The average score is 8 of 26
Answer Stats
Position Club Player % Correct
ATT Nottingham Forest Chris Wood
100%
MID PEC Zwolle Ryan Thomas
50%
MID Wellington Phoenix Sarpreet Singh
50%
DEF Wellington Phoenix Tim Payne
50%
DEF Braintree Town Tommy Smith
50%
GK Lechia Gdańsk Alex Paulsen
25%
MID Wellington Phoenix Alex Rufer
25%
MID Saint-Étienne Ben Old
25%
ATT Port Vale Ben Waine
25%
DEF Auckland Callan Elliot
25%
MID Silkeborg Callum McCowatt
25%
MID Motherwell Elijah Just
25%
DEF Portland Timbers Finn Surman
25%
DEF Auckland Francis de Vries
25%
ATt Auckland Jesse Randall
25%
MID Viking Joe Bell
25%
ATT Western Sydney Wanderers Kosta Barbarouses
25%
MID Newcastle Jets Lachlan Bayliss
25%
DEF Wrexham Liberto Cacace
25%
MID Swansea City Marko Stamenić
25%
MID Peterborough United Matthew Garbett
25%
GK Millwall Max Crocombe
25%
DEF Minnesota United Michael Boxall
25%
GK Auckland Michael Woud
25%
DEF Auckland Nando Pijnaker
25%
DEF Sheffield United Tyler Bindon
25%
No matching quizzes found
Score Distribution
Percent of People with Each Score
Percentile by Number Answered
Your Score History
You have not taken this quiz